00500 a2200145 4500040001300000082001000013110001800023245004500041260004300086300002600129500001900155942002300174999001500197952014200212 aDLCbDLC a492.7 aShirkat Ilmia aKamil Tozeehaat-al-InshaacShirkat Ilmia aMultan :bMaktaba Shirkat Ilmiac2001. aiii, 162 p.c; 24 cm. aIncludes Index cBKk492.7 SHI2ddc c7480d7480 001040708NFICaCLbCLcGENd2003-06-20eAllied Book Companyg100.00l1o492.7 SHIpSEECS003564r2024-12-18s2019-10-07w2017-01-05yBK